Score 0/15 Timer 01:00
1 Play Today
% Correct
Catholic
97%
Baptist
97%
Evangelical
96.6%
Methodist
96.5%
Lutheran
96.1%
Presbyterian
95.9%
Anglican
94.6%
Quakers
94.3%
% Correct
Eastern Orthodox
93.3%
Adventist
91.5%
Amish
91.3%
Unitarian
90.6%
Calvinist
90%
Mennonites
88.7%
Messianic Judaism
62.6%

Today's Daily Dose

You're not logged in!

Compare scores with friends on all Sporcle quizzes.
OR
Log In

Sporcle TV

Today on Sporcle TV


Watch our educational content, quiz creation guides, and fun videos on Sporcle TV.

Show Comments

Extras

Top Quizzes Today


Score Distribution

Paid Content

Your Account Isn't Verified!

In order to create a playlist on Sporcle, you need to verify the email address you used during registration. Go to your Sporcle Settings to finish the process.

Report this User

Report this user for behavior that violates our Community Guidelines.

Details: